000 00431nam a2200181Ia 4500
001 10833
005 20260306161901.0
008 260306t1987||||xx |||||||||||||| ||spa||
041 _aESP
082 _a974
_bC34
100 _aCastillo Peraza, Carlos
_eAUT
245 0 _aHistoria de Yucatan:
_bantología
260 _c1987
300 _a365 páginas :
_c21 cm.
650 _aGEN
654 _aCHU
942 _cLIB
_dJUS
_fJUS
_2ddc
_n
999 _c10833
_d10833